Judgment of limitation and exclusion clauses (Record no. 67154)

MARC details
000 -LEADER
fixed length control field 01091cam a2200241 4500
001 - CONTROL NUMBER
control field ABS63941
008 - FIXED-LENGTH DATA ELEMENTS--GENERAL INFORMATION
fixed length control field 000000n2001 000 0 eng u
035 ## - SYSTEM CONTROL NUMBER
System control number (Sirsi) u112804
100 ## - MAIN ENTRY--PERSONAL NAME
Personal name Brewer, G
245 ## - TITLE STATEMENT
Title Judgment of limitation and exclusion clauses
260 ## - PUBLICATION, DISTRIBUTION, ETC.
Date of publication, distribution, etc. 2001
490 ## - SERIES STATEMENT
Series statement Contract Journal
Volume/sequential designation 408(6326) 10 May 2001, 73(1)
520 ## - SUMMARY, ETC.
Summary, etc. Considers the intepretation of exclusion and limitation clauses as explored in the case, "BHP Petroleum v British Steel". British Steel was allowed to rely upon a rectification clause to exclude liability for defects in pipeline it supplied, because the wording in the clause relating to time limits was clear and unambigious. The case highlights that clearly drafted exclusion clauses will completely exclude certain types of liability.
590 ## - LOCAL NOTE (RLIN)
Local note ABS
650 ## - SUBJECT ADDED ENTRY--TOPICAL TERM
Topical term or geographic name entry element DEFECTS LIABILITY
650 ## - SUBJECT ADDED ENTRY--TOPICAL TERM
Topical term or geographic name entry element EXCLUSION CLAUSES
650 ## - SUBJECT ADDED ENTRY--TOPICAL TERM
Topical term or geographic name entry element LIMITATION CLAUSES
650 ## - SUBJECT ADDED ENTRY--TOPICAL TERM
Topical term or geographic name entry element BHP PETROLEUM V BRITISH STEEL
650 ## - SUBJECT ADDED ENTRY--TOPICAL TERM
Topical term or geographic name entry element RECTIFICATION
650 ## - SUBJECT ADDED ENTRY--TOPICAL TERM
Topical term or geographic name entry element TIME LIMITS
690 ## - LOCAL SUBJECT ADDED ENTRY--TOPICAL TERM (OCLC, RLIN)
Topical term or geographic name as entry element BUILT ENVIRONMENT-BUILDING CONTRACT FORMS
942 ## - ADDED ENTRY ELEMENTS (KOHA)
Suppress in OPAC 0
Holdings
Withdrawn status Lost status Source of classification or shelving scheme Damaged status Not for loan Home library Current library Shelving location Date acquired Total Checkouts Full call number Barcode Date last seen Copy number Price effective from Koha item type
    Dewey Decimal Classification     London London Journal article 29/05/2001   ABS63941 112804-1001 06/08/2019 1 06/08/2019 Journal article